Canadian Universities by City - Multiple Choice - Statistics

General Stats
  • This quiz has been taken 106 times
  • The average score is 14 of 20
Answer Stats
Question Answer % Correct
University of British Columbia Vancouver
92%
Dalhousie University Halifax
88%
McGill University Montreal
88%
Carleton University Ottawa
80%
Queen's University Kingston
78%
McMaster University Hamilton
76%
Memorial University St. John's
76%
Trent University Peterborough
73%
Concordia University Montreal
71%
Lakehead University Thunder Bay
69%
York University Toronto
69%
Western University London
67%
University of Alberta Edmonton
65%
Brock University St. Catherines
65%
Simon Fraser University Vancouver
65%
Wilfred Laurier University Waterloo
61%
Laval University Quebec City
51%
Acadia University Wolfville
49%
St. Francis Xavier University Antigonish
37%
MacEwan University Edmonton
31%
No matching quizzes found
Score Distribution
Percent of People with Each Score
Percentile by Number Answered
Your Score History
You have not taken this quiz